| 000 | 00775nam a22002657a 4500 | ||
|---|---|---|---|
| 001 | 8960 | ||
| 003 | FISKH | ||
| 005 | 20251111141808.0 | ||
| 008 | 251111b cb ||||| |||| 00| 0 eng d | ||
| 020 | _a9781626722316 | ||
| 040 |
_aFISKH _beng _cFISKH _dFISKH |
||
| 050 | _aPZ7.B82832 B | ||
| 082 | _a636.8 | ||
| 100 |
_aBruel, Nick _eAuthor |
||
| 245 |
_aBad kitty does not like dogs / _cNick Bruel |
||
| 260 |
_aNew York : _bA Neal Porter Book , _c2015 |
||
| 300 |
_a24 unnumbered pages : _bcolor illustrations ; _c21 cm |
||
| 505 | _aG | ||
| 520 | _a"Kitty wants to sleep. Puppy wants to play. Can they compromise?"-- | ||
| 521 | 8 |
_a350
_bLexile estimate |
|
| 521 | 8 |
_aG
_bRaz-Plus |
|
| 650 |
_aBad Kitty series _vCats |
||
| 942 |
_2ddc _cBK _n0 |
||
| 999 |
_c8960 _d8960 |
||